Návrh informačného systému pre skladovanie a expedíciu produktov = Proposal of information system for warehousing and dispatch of goods : Diplomová práca

Na minha lista:
Detalhes bibliográficos
Autor principal: Sabo, Jaroslav (Author)
Outros Autores: Važan, Pavel, 1962- (xxx)
Formato: Manuscrito Livro
Idioma:eslovaco
Publicado em: Trnava : STU v Bratislave MTF UIAM, 2009
Assuntos:
Tags: Adicionar Tag
Sem tags, seja o primeiro a adicionar uma tag!

MARC

LEADER 00000ntm a22000003a 4500
001 stu196639
005 20160719155950.6
008 091203s2009----xo------------------slo-d
040 |a STU  |b slo 
041 0 |a slo 
044 |a xo 
100 1 |a Sabo, Jaroslav  |4 aut 
245 1 |a Návrh informačného systému pre skladovanie a expedíciu produktov = Proposal of information system for warehousing and dispatch of goods :  |b Diplomová práca 
260 |a Trnava :  |b STU v Bratislave MTF UIAM,  |c 2009 
300 |a 70 s  |c 1 CD-ROM 
500 |a Študijný program: automatizácia a informatizácia procesov 
500 |a Študijný odbor: 5.2.14 automatizácia 
650 7 |a skladový systém  |2 stusub 
650 7 |a dodávateľský reťazec  |2 stusub 
650 7 |a PHP  |2 stusub 
650 7 |a MySQL  |2 stusub 
700 1 |a Važan, Pavel,  |d 1962-  |4 xxx  |u M6000  |U MTF Materiálovotechnologická fakulta  |T MTF Ústav aplikovanej informatiky, automatizácie a matematiky  |X 323  |U M6000  |Y 86  |7 A000000323 
996 |b 284M077232  |c M*DP-8527  |l MMSKP  |s P  |a 0  |w stu196639_0001